[Event "EU-ch (Men) 11th"]
[Site "Rijeka"]
[Date "2010.03.09"]
[Round "4.1"]
[White "Vallejo Pons, Francisco"]
[Black "Timofeev, Artyom"]
[Result "1/2-1/2"]
[WhiteElo "2708"]
[BlackElo "2655"]
[PlyCount "27"]
[EventDate "2010.03.06"]
[EventType "swiss"]
[EventRounds "11"]
[EventCountry "CRO"]
[SourceDate "2010.03.06"]

1. e4 c5 2. Nf3 e6 3. d4 cxd4 4. Nxd4 Nc6 5. Nc3 Qc7 6. Be3 Nf6 7. Qd2 Nxd4 8.
Bxd4 e5 9. Nb5 Qb8 10. Be3 a6 11. Nc3 Bb4 12. f3 Qc7 13. O-O-O d6 14. a3
1/2-1/2

[Event "EU-ch (Men) 11th"]
[Site "Rijeka"]
[Date "2010.03.09"]
[Round "4.3"]
[White "Naiditsch, Arkadij"]
[Black "Efimenko, Zahar"]
[Result "0-1"]
[WhiteElo "2691"]
[BlackElo "2640"]
[PlyCount "84"]
[EventDate "2010.03.06"]
[EventType "swiss"]
[EventRounds "11"]
[EventCountry "CRO"]
[SourceDate "2010.03.06"]

1. e4 e5 2. Nf3 Nc6 3. Bb5 Nf6 4. O-O Nxe4 5. d4 Nd6 6. Bxc6 dxc6 7. dxe5 Nf5
8. Qxd8+ Kxd8 9. Nc3 Ke8 10. Ne4 Be6 11. Re1 h6 12. g4 Ne7 13. h3 Rd8 14. Ng3
c5 15. Nh4 Nc6 16. c3 g6 17. f4 h5 18. gxh5 Be7 19. Nf3 gxh5 20. Kh2 Rd3 21.
Be3 Bd5 22. Ng5 Bxg5 23. fxg5 h4 24. Nf5 b6 25. Re2 Kd7 26. Bf4 Be6 27. Ne3 Ne7
28. a3 Ng6 29. Rf1 Kc6 30. Ng4 Rhd8 31. Bc1 Rd1 32. Ree1 Rxe1 33. Rxe1 Rd3 34.
Nf2 Rf3 35. Ng4 Kb5 36. Kg2 Rg3+ 37. Kh2 Bd5 38. Re2 Bf3 39. c4+ Kxc4 40. Rc2+
Kb5 41. Nf6 Bb7 42. e6 Ne5 0-1

[Event "EU-ch (Men) 11th"]
[Site "Rijeka"]
[Date "2010.03.09"]
[Round "4.4"]
[White "Pelletier, Yannick"]
[Black "Inarkiev, Ernesto"]
[Result "1/2-1/2"]
[WhiteElo "2611"]
[BlackElo "2667"]
[PlyCount "42"]
[EventDate "2010.03.06"]
[EventType "swiss"]
[EventRounds "11"]
[EventCountry "CRO"]
[SourceDate "2010.03.06"]

1. d4 d5 2. c4 c6 3. Nf3 Nf6 4. Nc3 dxc4 5. a4 e6 6. e3 c5 7. Bxc4 Nc6 8. O-O
Be7 9. Qe2 cxd4 10. Rd1 O-O 11. Nxd4 Qc7 12. Ncb5 Qb8 13. Nxc6 bxc6 14. Nd4 Bb7
15. Bd2 Bd6 16. h3 c5 17. Nb3 Qc7 18. Na5 Bd5 19. Rac1 Rad8 20. Be1 Qb6 21. Bd3
Ba8 1/2-1/2

[Event "EU-ch (Men) 11th"]
[Site "Rijeka"]
[Date "2010.03.09"]
[Round "4.5"]
[White "Skoberne, Jure"]
[Black "Nisipeanu, Liviu Dieter"]
[Result "1/2-1/2"]
[WhiteElo "2509"]
[BlackElo "2661"]
[PlyCount "40"]
[EventDate "2010.03.06"]
[EventType "swiss"]
[EventRounds "11"]
[EventCountry "CRO"]
[SourceDate "2010.03.06"]

1. c4 c5 2. Nf3 Nc6 3. d4 cxd4 4. Nxd4 g6 5. e4 Bg7 6. Be3 Nf6 7. Nc3 O-O 8.
Be2 d6 9. O-O Bd7 10. Qd2 Nxd4 11. Bxd4 Bc6 12. f3 a5 13. Rab1 Nd7 14. Be3 a4
15. b4 axb3 16. axb3 Nc5 17. Rfc1 Ra3 18. Bd1 Nd7 19. Be2 Qa5 20. Nd5 Qd8
1/2-1/2

[Event "EU-ch (Men) 11th"]
[Site "Rijeka"]
[Date "2010.03.09"]
[Round "4.6"]
[White "Nepomniachtchi, Ian"]
[Black "Maiorov, Nikita"]
[Result "1/2-1/2"]
[WhiteElo "2656"]
[BlackElo "2510"]
[PlyCount "235"]
[EventDate "2010.03.06"]
[EventType "swiss"]
[EventRounds "11"]
[EventCountry "CRO"]
[SourceDate "2010.03.06"]

1. e4 e5 2. Nf3 Nc6 3. Bb5 a6 4. Ba4 Nf6 5. d3 d6 6. c3 g6 7. Nbd2 Bg7 8. O-O
O-O 9. Re1 b5 10. Bc2 h6 11. d4 Bb7 12. Nf1 Nd7 13. Ne3 Kh7 14. Qd2 Nf6 15. b3
b4 16. Bb2 bxc3 17. Bxc3 exd4 18. Nxd4 Nxd4 19. Bxd4 Re8 20. f3 Rc8 21. Rad1
Nd7 22. Bxg7 Kxg7 23. b4 Nf6 24. Bb3 Qe7 25. Ba4 Red8 26. Qc3 c5 27. b5 axb5
28. Bxb5 Bc6 29. a4 Bxb5 30. axb5 Rb8 31. b6 Kh7 32. Nc4 Rd7 33. Rd3 Qe6 34.
Red1 d5 35. Qe5 Rxb6 36. Nxb6 Qxe5 37. Nxd7 Nxd7 38. Rxd5 Qf6 39. Rxd7 c4 40.
Kh1 Kg7 41. Rc7 Qc3 42. h3 h5 43. e5 Qxe5 44. Rxc4 Qe2 45. Rdc1 Qe3 46. h4 Qe7
47. R1c2 Qe1+ 48. Kh2 Qe5+ 49. g3 Qe1 50. Kg2 Qd1 51. Rf2 Qd5 52. Re4 Qd3 53.
Re5 Qd6 54. f4 f6 55. Re3 Qd5+ 56. Kh2 Kh6 57. Rfe2 Qc6 58. Rd3 Qb7 59. Red2
Qe4 60. Kg1 Qe1+ 61. Kg2 Qe4+ 62. Kf2 Qh1 63. Rd1 Qh2+ 64. Kf3 Qc2 65. Rd6 Kg7
66. Rd8 Qc6+ 67. Kf2 Qc2+ 68. R1d2 Qc5+ 69. Ke2 Qb5+ 70. R2d3 Qc4 71. Kd2 Qa2+
72. Kc3 Qa5+ 73. Kc4 Qc7+ 74. Kb3 Qb6+ 75. Kc2 Qc5+ 76. Rc3 Qf2+ 77. Rd2 Qa7
78. Rd6 Qa2+ 79. Kd3 Qa7 80. Rdc6 Qd7+ 81. Ke4 Qf5+ 82. Kd4 Kh6 83. Rd6 Qa5 84.
Rcc6 Qd2+ 85. Kc4 Qc2+ 86. Kb5 Qb3+ 87. Ka6 Qxg3 88. Rxf6 Kg7 89. Kb7 Qd3 90.
Rfd6 Qe4 91. Kc8 Qf5+ 92. Rd7+ Kf8 93. Kc7 Ke8 94. Rd4 Ke7 95. Ra4 Qd7+ 96. Kb6
Qd8+ 97. Kb7 Qd5 98. Kc7 Qd8+ 99. Kb7 Qd5 100. Ra7 Kd8 101. Ra8+ Kd7 102. Rac8
Qb5+ 103. Rb6 Qd5+ 104. Kb8 Qd4 105. Rc7+ Kd8 106. Rc8+ Kd7 107. Rb7+ Ke6 108.
Rc6+ Kf5 109. Rf7+ Ke4 110. Rff6 Qd8+ 111. Kb7 Qd7+ 112. Kb6 Qd8+ 113. Kb5 Qd5+
114. Kb4 Qd2+ 115. Kb5 Qd5+ 116. Ka6 Qd3+ 117. Kb6 Qd8+ 118. Kb5 1/2-1/2

[Event "EU-ch (Men) 11th"]
[Site "Rijeka"]
[Date "2010.03.09"]
[Round "4.9"]
[White "Lysyj, Igor"]
[Black "Sargissian, Gabriel"]
[Result "1/2-1/2"]
[WhiteElo "2615"]
[BlackElo "2675"]
[PlyCount "50"]
[EventDate "2010.03.06"]
[EventType "swiss"]
[EventRounds "11"]
[EventCountry "CRO"]
[SourceDate "2010.03.06"]

1. d4 Nf6 2. c4 e6 3. Nc3 Bb4 4. Qc2 d5 5. a3 Bxc3+ 6. Qxc3 Ne4 7. Qc2 c5 8.
dxc5 Nc6 9. cxd5 exd5 10. Nf3 Qf6 11. e3 Bg4 12. Be2 O-O 13. Bd2 Rac8 14. O-O
Ne5 15. Nxe5 Bxe2 16. Nd7 Qa6 17. Nxf8 Bd3 18. Qd1 Bxf1 19. Qxf1 Qxf1+ 20. Rxf1
Nxd2 21. Rd1 Rxc5 22. Nd7 Rc2 23. b4 b6 24. Ne5 f6 25. Nf3 Nxf3+ 1/2-1/2

[Event "EU-ch (Men) 11th"]
[Site "Rijeka"]
[Date "2010.03.09"]
[Round "4.10"]
[White "Kurnosov, Igor"]
[Black "Aleksandrov, Aleksej"]
[Result "1/2-1/2"]
[WhiteElo "2674"]
[BlackElo "2601"]
[PlyCount "75"]
[EventDate "2010.03.06"]
[EventType "swiss"]
[EventRounds "11"]
[EventCountry "CRO"]
[SourceDate "2010.03.06"]

1. d4 d5 2. c4 e6 3. Nc3 Nf6 4. Nf3 Bb4 5. Qb3 c5 6. cxd5 exd5 7. dxc5 Nc6 8.
Bg5 h6 9. Bxf6 Qxf6 10. e3 O-O 11. Bb5 Bxc3+ 12. Qxc3 Qxc3+ 13. bxc3 Na5 14.
Nd4 Be6 15. Nb3 Nc4 16. O-O-O Rac8 17. Rhe1 a6 18. Bxc4 dxc4 19. Na5 Rxc5 20.
Nxb7 Rg5 21. g3 Rb5 22. Nd6 Rb6 23. Kc2 Rd8 24. Ne4 Rdb8 25. Rb1 Bf5 26. f3 g5
27. g4 Bg6 28. Rxb6 Rxb6 29. Kc1 Bxe4 30. fxe4 Re6 31. e5 Rxe5 32. e4 Kg7 33.
Re2 Kg6 34. Kd2 h5 35. h3 hxg4 36. hxg4 Re8 37. Ke3 Rd8 38. Rd2 1/2-1/2

[Event "EU-ch (Men) 11th"]
[Site "Rijeka"]
[Date "2010.03.09"]
[Round "4.11"]
[White "Petrosian, Tigran L"]
[Black "Areshchenko, Alexander"]
[Result "1/2-1/2"]
[WhiteElo "2612"]
[BlackElo "2670"]
[PlyCount "47"]
[EventDate "2010.03.06"]
[EventType "swiss"]
[EventRounds "11"]
[EventCountry "CRO"]
[SourceDate "2010.03.06"]

1. e4 c5 2. Nf3 d6 3. d4 cxd4 4. Nxd4 Nf6 5. Nc3 a6 6. Be3 e5 7. Nf3 Be7 8. Bc4
O-O 9. O-O Be6 10. Bb3 Nc6 11. Bg5 Nd7 12. Bxe7 Qxe7 13. Nd5 Qd8 14. Qe2 Na5
15. Rfd1 Rc8 16. Ne3 Nxb3 17. axb3 Qe7 18. Qd3 Rc6 19. b4 Rfc8 20. c3 g6 21.
Ra5 Qd8 22. Qc2 Kg7 23. Rd2 h6 24. Ra1 1/2-1/2

[Event "EU-ch (Men) 11th"]
[Site "Rijeka"]
[Date "2010.03.09"]
[Round "4.12"]
[White "Moiseenko, Alexander"]
[Black "Lupulescu, Constantin"]
[Result "0-1"]
[WhiteElo "2668"]
[BlackElo "2598"]
[PlyCount "78"]
[EventDate "2010.03.06"]
[EventType "swiss"]
[EventRounds "11"]
[EventCountry "CRO"]
[SourceDate "2010.03.06"]

1. d4 Nf6 2. c4 c5 3. d5 e6 4. Nc3 exd5 5. cxd5 d6 6. Nf3 g6 7. Nd2 Bg7 8. Nc4
O-O 9. Bf4 Ne8 10. e3 b6 11. h3 Ba6 12. a4 Qc7 13. Qd2 Bxc4 14. Bxc4 a6 15. O-O
Nd7 16. Rfc1 Ne5 17. Be2 Qe7 18. Rab1 g5 19. Bh2 f5 20. b4 Nf6 21. bxc5 bxc5
22. Rb6 g4 23. hxg4 fxg4 24. Rcb1 Nfd7 25. Rxa6 Qf6 26. Bf4 Rxa6 27. Bxa6 c4
28. a5 Qg6 29. Rb7 Rxf4 30. Ne2 Rf8 31. Rc7 Nc5 32. Bc8 c3 33. Qa2 c2 34. a6
Nf3+ 35. Kf1 Nh2+ 36. Kg1 Nf3+ 37. Kf1 Qd3 38. Rxg7+ Kxg7 39. Qb2+ Kh6 0-1

[Event "EU-ch (Men) 11th"]
[Site "Rijeka"]
[Date "2010.03.09"]
[Round "4.13"]
[White "Erdos, Viktor"]
[Black "Bareev, Evgeny"]
[Result "1/2-1/2"]
[WhiteElo "2593"]
[BlackElo "2667"]
[PlyCount "57"]
[EventDate "2010.03.06"]
[EventType "swiss"]
[EventRounds "11"]
[EventCountry "CRO"]
[SourceDate "2010.03.06"]

1. d4 d5 2. c4 c6 3. Nf3 Nf6 4. Nc3 dxc4 5. a4 Bf5 6. e3 e6 7. Bxc4 Bb4 8. O-O
O-O 9. Qe2 Ne4 10. Bd3 Bxc3 11. Bxe4 Bb4 12. Bc2 Bxc2 13. Qxc2 Nd7 14. e4 Qa5
15. Rd1 h6 16. Bf4 Rfe8 17. Rd3 c5 18. d5 exd5 19. Rxd5 Nf6 20. Rf5 Nxe4 21.
Qc4 Re6 22. Rxf7 Qa6 23. Qxa6 bxa6 24. Rb7 g5 25. Be3 Nd6 26. Rc7 Ne8 27. Rb7
Nd6 28. Rc7 Ne8 29. Rb7 1/2-1/2

[Event "EU-ch (Men) 11th"]
[Site "Rijeka"]
[Date "2010.03.09"]
[Round "4.14"]
[White "Grachev, Boris"]
[Black "Melkumyan, Hrant"]
[Result "1/2-1/2"]
[WhiteElo "2667"]
[BlackElo "2582"]
[PlyCount "57"]
[EventDate "2010.03.06"]
[EventType "swiss"]
[EventRounds "11"]
[EventCountry "CRO"]
[SourceDate "2010.03.06"]

1. d4 Nf6 2. Nf3 e6 3. c4 b6 4. a3 Bb7 5. Nc3 d5 6. cxd5 Nxd5 7. Bd2 Nd7 8.
Nxd5 exd5 9. g3 Be7 10. Bg2 O-O 11. O-O c5 12. dxc5 bxc5 13. b4 d4 14. Rc1 Rc8
15. bxc5 Nxc5 16. Bb4 a5 17. Bxc5 Bxc5 18. Qd3 Re8 19. Nd2 Bxg2 20. Kxg2 Qe7
21. Nc4 a4 22. Rc2 Rb8 23. Na5 Qd6 24. Kg1 Qd5 25. Qc4 Qxc4 26. Rxc4 Bxa3 27.
Rxa4 Bb2 28. Nc6 Rbc8 29. Nxd4 1/2-1/2

[Event "EU-ch (Men) 11th"]
[Site "Rijeka"]
[Date "2010.03.09"]
[Round "4.15"]
[White "Riazantsev, Alexander"]
[Black "Halkias, Stelios"]
[Result "1/2-1/2"]
[WhiteElo "2660"]
[BlackElo "2580"]
[PlyCount "32"]
[EventDate "2010.03.06"]
[EventType "swiss"]
[EventRounds "11"]
[EventCountry "CRO"]
[SourceDate "2010.03.06"]

1. d4 Nf6 2. c4 e6 3. Nf3 d5 4. Nc3 Bb4 5. cxd5 exd5 6. Bg5 Nbd7 7. Rc1 c6 8.
e3 Qa5 9. Bd3 Qxa2 10. O-O Qa5 11. Ne5 Nxe5 12. dxe5 Ng4 13. Bf4 f6 14. exf6
Nxf6 15. Qb3 Bxc3 16. bxc3 O-O 1/2-1/2

[Event "EU-ch (Men) 11th"]
[Site "Rijeka"]
[Date "2010.03.09"]
[Round "4.16"]
[White "Stocek, Jiri"]
[Black "Khismatullin, Denis"]
[Result "1/2-1/2"]
[WhiteElo "2591"]
[BlackElo "2657"]
[PlyCount "100"]
[EventDate "2010.03.06"]
[EventType "swiss"]
[EventRounds "11"]
[EventCountry "CRO"]
[SourceDate "2010.03.06"]

1. d4 Nf6 2. c4 g6 3. Nc3 d5 4. cxd5 Nxd5 5. Bd2 Bg7 6. e4 Nxc3 7. Bxc3 O-O 8.
Bc4 c5 9. d5 Bxc3+ 10. bxc3 b5 11. Bxb5 Qa5 12. Rb1 Bd7 13. Bd3 Qxc3+ 14. Qd2
Qxd2+ 15. Kxd2 e6 16. Ne2 exd5 17. exd5 Rd8 18. Rhc1 Bc8 19. Rxc5 Nd7 20. Ra5
Ne5 21. Nd4 Nxd3 22. Kxd3 Rd7 23. Nc2 Bb7 24. Ne3 Re8 25. Rxa7 Bxd5 26. Rxd7
Be4+ 27. Kc3 Rc8+ 28. Kb4 Rb8+ 29. Kc5 Rc8+ 30. Kb6 Rb8+ 31. Kc7 Rxb1 32. a4
Rc1+ 33. Kb6 Rb1+ 34. Kc5 Rc1+ 35. Kd4 Bxg2 36. a5 Ra1 37. Ra7 Bf3 38. Nc4 Rd1+
39. Ke3 Bc6 40. Rc7 Bb5 41. Ne5 f6 42. Ng4 Rd3+ 43. Kf4 Rd4+ 44. Kg3 Rd6 45.
Nh6+ Kf8 46. f3 Ra6 47. Rxh7 Be8 48. Ng4 Bf7 49. Nh6 Be6 50. Ng4 Bxg4 1/2-1/2

[Event "EU-ch (Men) 11th"]
[Site "Rijeka"]
[Date "2010.03.09"]
[Round "4.17"]
[White "Fridman, Daniel"]
[Black "Mastrovasilis, Dimitrios"]
[Result "1/2-1/2"]
[WhiteElo "2650"]
[BlackElo "2574"]
[PlyCount "55"]
[EventDate "2010.03.06"]
[EventType "swiss"]
[EventRounds "11"]
[EventCountry "CRO"]
[SourceDate "2010.03.06"]

1. d4 d5 2. c4 c6 3. Nc3 Nf6 4. Nf3 dxc4 5. a4 Bf5 6. Ne5 e6 7. f3 c5 8. e4
cxd4 9. exf5 Bb4 10. Bxc4 dxc3 11. Qxd8+ Kxd8 12. O-O cxb2 13. Bxb2 Ke7 14.
fxe6 fxe6 15. Nd3 Rc8 16. Bxe6 Kxe6 17. Nxb4 Nc6 18. Nd3 Kf7 19. Rac1 Ne7 20.
Ne5+ Kg8 21. Nc4 Rc7 22. Rfe1 Rd8 23. Na5 Rxc1 24. Bxc1 Rd7 25. Ba3 Ned5 26.
Nc4 b6 27. Bb2 h6 28. Be5 1/2-1/2

[Event "EU-ch (Men) 11th"]
[Site "Rijeka"]
[Date "2010.03.09"]
[Round "4.18"]
[White "Nikolov, Momchil"]
[Black "Sutovsky, Emil"]
[Result "1/2-1/2"]
[WhiteElo "2550"]
[BlackElo "2650"]
[PlyCount "85"]
[EventDate "2010.03.06"]
[EventType "swiss"]
[EventRounds "11"]
[EventCountry "CRO"]
[SourceDate "2010.03.06"]

1. d4 Nf6 2. c4 g6 3. Nc3 d5 4. cxd5 Nxd5 5. Bd2 Bg7 6. e4 Nxc3 7. Bxc3 O-O 8.
Nf3 Bg4 9. Be2 c5 10. d5 e6 11. O-O exd5 12. exd5 Qd6 13. Qb3 Bxc3 14. bxc3 b6
15. Rfe1 Bxf3 16. Bxf3 Nd7 17. a4 Ne5 18. Be2 Rae8 19. Bb5 Ng4 20. g3 Re5 21.
h3 Nf6 22. c4 Ne4 23. Qb2 Re7 24. Ra3 f5 25. Rae3 Ref7 26. h4 h6 27. Kg2 Rf6
28. f4 g5 29. hxg5 hxg5 30. fxg5 Nxg5 31. Qe5 Ne4 32. Qxd6 Rxd6 33. Rf1 Kg7 34.
Rf4 Rh6 35. Bd7 Nd6 36. Re7+ Kf6 37. Re6+ Kg5 38. Re7 Rfh8 39. Re5 Rh1 40.
Rexf5+ Nxf5 41. Rxf5+ Kg6 42. Re5 R8h2+ 43. Kf3 1/2-1/2

[Event "EU-ch (Men) 11th"]
[Site "Rijeka"]
[Date "2010.03.09"]
[Round "4.19"]
[White "Zhigalko, Sergei"]
[Black "Kovacevic, Aleksandar"]
[Result "1/2-1/2"]
[WhiteElo "2648"]
[BlackElo "2574"]
[PlyCount "77"]
[EventDate "2010.03.06"]
[EventType "swiss"]
[EventRounds "11"]
[EventCountry "CRO"]
[SourceDate "2010.03.06"]

1. e4 c5 2. Nf3 d6 3. d4 cxd4 4. Qxd4 a6 5. Bc4 Nc6 6. Qd3 e6 7. Nc3 Be7 8. Bf4
Qc7 9. O-O-O Ne5 10. Nxe5 dxe5 11. Be3 Nf6 12. f3 b5 13. Bb3 O-O 14. g4 Rd8 15.
Qe2 Bb7 16. h4 Rxd1+ 17. Rxd1 Bc6 18. Qf2 b4 19. Na4 Bb5 20. Kb1 Qc6 21. Nb6
Rb8 22. Rc1 Nd7 23. c4 Nxb6 24. cxb5 Qxb5 25. Bxb6 Rxb6 26. Rc8+ Bf8 27. Qd2
Rb8 28. Bc4 Qb6 29. Rxb8 Qxb8 30. Bxa6 Qb6 31. Be2 h6 32. h5 Be7 33. Kc2 Bd6
34. Kb3 Bf8 35. Qd3 Qc5 36. Qc4 Qe3+ 37. Qd3 Qc5 38. Qc4 Qe3+ 39. Qd3 1/2-1/2

[Event "EU-ch (Men) 11th"]
[Site "Rijeka"]
[Date "2010.03.09"]
[Round "4.20"]
[White "Gustafsson, Jan"]
[Black "Ragger, Markus"]
[Result "1/2-1/2"]
[WhiteElo "2646"]
[BlackElo "2572"]
[PlyCount "73"]
[EventDate "2010.03.06"]
[EventType "swiss"]
[EventRounds "11"]
[EventCountry "CRO"]
[SourceDate "2010.03.06"]

1. d4 d5 2. c4 c6 3. Nf3 Nf6 4. e3 Bf5 5. Nc3 e6 6. Nh4 Be4 7. f3 Bg6 8. Qb3
Qc7 9. Bd2 Be7 10. O-O-O dxc4 11. Qxc4 a6 12. g4 b5 13. Qe2 c5 14. Nxg6 hxg6
15. dxc5 Qxc5 16. Kb1 Nc6 17. Rc1 Qb6 18. f4 Rd8 19. g5 Nd7 20. Ne4 Nb4 21. Qe1
Qb7 22. Bg2 Nd5 23. Ba5 Rc8 24. Nc3 O-O 25. Nxd5 exd5 26. Qd2 Bc5 27. Bxd5 Qa7
28. Qd3 Bxe3 29. Bxf7+ Kxf7 30. Qb3+ Rc4 31. Rxc4 bxc4 32. Qxc4+ Ke7 33. Qe4+
Kf7 34. Qd5+ Ke7 35. Qe4+ Kf7 36. Rd1 Kg8 37. Qxg6 1/2-1/2

[Event "EU-ch (Men) 11th"]
[Site "Rijeka"]
[Date "2010.03.09"]
[Round "4.21"]
[White "Zelcic, Robert"]
[Black "Zvjaginsev, Vadim"]
[Result "1/2-1/2"]
[WhiteElo "2547"]
[BlackElo "2643"]
[PlyCount "52"]
[EventDate "2010.03.06"]
[EventType "swiss"]
[EventRounds "11"]
[EventCountry "CRO"]
[SourceDate "2010.03.06"]

1. e4 e6 2. d4 d5 3. Nc3 Nf6 4. e5 Nfd7 5. f4 c5 6. Nf3 Nc6 7. Be3 cxd4 8. Nxd4
Bc5 9. Qd2 O-O 10. O-O-O Bxd4 11. Bxd4 Qa5 12. Kb1 Rb8 13. Nb5 Qxd2 14. Rxd2 a6
15. Nd6 Nxd4 16. Rxd4 f6 17. exf6 Nxf6 18. Nxc8 Rfxc8 19. g3 Kf7 20. Bd3 Ke7
21. Rd1 b5 22. a4 Kd6 23. c3 bxa4 24. Ka2 a5 25. Rxa4 Rc5 26. Ra3 h6 1/2-1/2

[Event "EU-ch (Men) 11th"]
[Site "Rijeka"]
[Date "2010.03.09"]
[Round "4.22"]
[White "Mamedov, Rauf"]
[Black "Lopez Martinez, Josep Manuel"]
[Result "1-0"]
[WhiteElo "2639"]
[BlackElo "2548"]
[PlyCount "85"]
[EventDate "2010.03.06"]
[EventType "swiss"]
[EventRounds "11"]
[EventCountry "CRO"]
[SourceDate "2010.03.06"]

1. e4 c6 2. c4 d5 3. exd5 cxd5 4. d4 Nf6 5. Nc3 e6 6. Nf3 Be7 7. cxd5 Nxd5 8.
Bd3 Nc6 9. O-O O-O 10. Re1 Bf6 11. Be3 g6 12. Bh6 Bg7 13. Qd2 Qb6 14. Be4 Nf6
15. Bxc6 bxc6 16. Bxg7 Kxg7 17. Na4 Qb5 18. b3 Rd8 19. Rac1 Rb8 20. Ne5 Bd7 21.
Nc5 Be8 22. Rc4 Rd5 23. Qc3 Qb6 24. Ra4 Rbd8 25. h3 Qc7 26. Rb4 a5 27. Ra4 Kg8
28. Qe3 Kg7 29. Rc4 R5d6 30. Qd2 Rd5 31. Qf4 Qe7 32. Qe3 Qa7 33. Ned3 Qb8 34.
Nf4 Rf5 35. Nfd3 Nd5 36. Qd2 Nb6 37. Rcc1 Rfd5 38. Re4 Qa7 39. Ne5 Kg8 40. Qg5
Rxd4 41. Rxd4 Rxd4 42. Ng4 Nd7 43. Qe7 1-0

[Event "EU-ch (Men) 11th"]
[Site "Rijeka"]
[Date "2010.03.09"]
[Round "4.23"]
[White "Sokolov, Ivan"]
[Black "Grigorian, Avetik"]
[Result "1-0"]
[WhiteElo "2638"]
[BlackElo "2565"]
[PlyCount "65"]
[EventDate "2010.03.06"]
[EventType "swiss"]
[EventRounds "11"]
[EventCountry "CRO"]
[SourceDate "2010.03.06"]

1. d4 d5 2. c4 c6 3. Nc3 Nf6 4. Nf3 e6 5. g3 dxc4 6. Bg2 Nbd7 7. a4 Be7 8. O-O
O-O 9. a5 Nd5 10. Bd2 c5 11. Qa4 cxd4 12. Nxd4 Ne5 13. Rfd1 Bc5 14. Be1 Bd7 15.
Qc2 Nb4 16. Qb1 Rb8 17. Ne4 Be7 18. Nb5 Nd5 19. Nec3 Bxb5 20. Nxb5 Qe8 21. Nc3
Nf6 22. Bd2 Bc5 23. Na4 Nfd7 24. Bf4 b6 25. axb6 axb6 26. Nxc5 bxc5 27. Bd2 Nf6
28. Bc3 Nc6 29. Qa2 Nb4 30. Qxc4 Qb5 31. Qh4 Nc2 32. Bxf6 gxf6 33. Be4 1-0

[Event "EU-ch (Men) 11th"]
[Site "Rijeka"]
[Date "2010.03.09"]
[Round "4.24"]
[White "Delchev, Aleksander"]
[Black "Podolchenko, Evgeniy"]
[Result "1/2-1/2"]
[WhiteElo "2625"]
[BlackElo "2502"]
[PlyCount "101"]
[EventDate "2010.03.06"]
[EventType "swiss"]
[EventRounds "11"]
[EventCountry "CRO"]
[SourceDate "2010.03.06"]

1. d4 Nf6 2. c4 e6 3. Nf3 b6 4. g3 Ba6 5. Qc2 Bb4+ 6. Bd2 Be7 7. Bg2 Bb7 8. Nc3
d5 9. cxd5 Nxd5 10. Nxd5 Bxd5 11. O-O Nd7 12. e4 Bb7 13. Rad1 O-O 14. Bc3 c6
15. Rfe1 a5 16. d5 cxd5 17. exd5 Bxd5 18. Ne5 Nxe5 19. Bxd5 Qxd5 20. Rxd5 Nf3+
21. Kf1 Nxe1 22. Qe2 exd5 23. Qg4 f6 24. Qe6+ Kh8 25. Kxe1 Rfd8 26. Qxb6 Bb4
27. Kf1 Bxc3 28. bxc3 a4 29. h4 a3 30. h5 h6 31. Qc5 Ra4 32. Kg2 Rc4 33. Qxa3
Rdc8 34. Qd6 Rxc3 35. Qxd5 Ra3 36. g4 Rca8 37. f3 Rxa2+ 38. Kg3 R2a3 39. Qe4
R3a5 40. Qe6 Re5 41. Qc6 Rd8 42. Qc3 Red5 43. Qc2 f5 44. gxf5 Rf8 45. Kg4 Rdd8
46. Qc5 Rf6 47. Qc2 Ra8 48. Qb1 Kh7 49. f4 Ra5 50. Qc2 Ra1 51. Qe4 1/2-1/2

[Event "EU-ch (Men) 11th"]
[Site "Rijeka"]
[Date "2010.03.09"]
[Round "4.25"]
[White "Szabo, Gergely Andras Gyul"]
[Black "Kokarev, Dmitry"]
[Result "1-0"]
[WhiteElo "2525"]
[BlackElo "2622"]
[PlyCount "103"]
[EventDate "2010.03.06"]
[EventType "swiss"]
[EventRounds "11"]
[EventCountry "CRO"]
[SourceDate "2010.03.06"]

1. d4 Nf6 2. Nf3 g6 3. Nbd2 Bg7 4. e4 O-O 5. Bd3 d6 6. O-O Nc6 7. c3 e5 8. Re1
Nh5 9. Nb3 Bg4 10. Be2 Nf4 11. Bxf4 exf4 12. h3 Bd7 13. Qd2 Bh6 14. Bc4 Kh8 15.
e5 Bf5 16. exd6 cxd6 17. d5 Ne5 18. Nxe5 dxe5 19. Rxe5 Qc7 20. Qd4 Bg7 21. d6
Bxe5 22. Qxe5+ f6 23. Qxf4 Qc6 24. Rd1 Rad8 25. Be2 b6 26. Bf3 Qe8 27. Nd4 Bd7
28. Qd2 Qf7 29. b3 Rfe8 30. c4 Re5 31. a4 Kg7 32. Nb5 Bxb5 33. axb5 Re6 34. d7
Qe7 35. b4 h5 36. g3 Re5 37. Kg2 Re6 38. h4 Qf8 39. Bc6 Qe7 40. Bf3 Qf8 41. Bc6
Qe7 42. Qa2 g5 43. hxg5 fxg5 44. Qxa7 h4 45. Qxb6 hxg3 46. Qd4+ Rf6 47. Kxg3
Qxb4 48. Rh1 Qa3+ 49. Kg2 Qe7 50. c5 g4 51. Be4 Rxd7 52. Qxd7 1-0

[Event "EU-ch (Men) 11th"]
[Site "Rijeka"]
[Date "2010.03.09"]
[Round "4.26"]
[White "Iordachescu, Viorel"]
[Black "Sulashvili, Malkhaz"]
[Result "1-0"]
[WhiteElo "2621"]
[BlackElo "2490"]
[PlyCount "109"]
[EventDate "2010.03.06"]
[EventType "swiss"]
[EventRounds "11"]
[EventCountry "CRO"]
[SourceDate "2010.03.06"]

1. e4 c5 2. Nf3 d6 3. d4 cxd4 4. Nxd4 Nf6 5. Nc3 Nc6 6. Bg5 e6 7. Qd2 Qb6 8.
Nb3 Be7 9. O-O-O O-O 10. h4 Rd8 11. Qe1 a6 12. h5 h6 13. Bf4 Qc7 14. g4 Ne5 15.
Qe2 Nh7 16. Bg3 b5 17. f4 Nc4 18. g5 hxg5 19. h6 g6 20. f5 Bf6 21. fxg6 fxg6
22. e5 Bxe5 23. Bxe5 Nxe5 24. Nd4 Qe7 25. Bg2 Rb8 26. Nc6 Nxc6 27. Bxc6 Nf6 28.
Rhg1 e5 29. Rxg5 Bf5 30. Rdg1 Kh8 31. Nd5 Nxd5 32. Bxd5 e4 33. Rxf5 gxf5 34. h7
Rf8 35. Kb1 Qxh7 36. Qd1 Rbe8 37. Rh1 Re5 38. Rxh7+ Kxh7 39. Qh5+ Kg7 40. Qg5+
Kh7 41. c4 f4 42. Qh4+ Kg7 43. Qg4+ Kh6 44. Qh3+ Kg5 45. Qg2+ Kf5 46. Qg7 Rfe8
47. Bf7 R8e6 48. Qh7+ Kf6 49. Qg6+ Ke7 50. Bxe6 Rxe6 51. Qg7+ Ke8 52. Qg4 Re5
53. c5 e3 54. Qg6+ Kf8 55. Qf6+ 1-0

[Event "EU-ch (Men) 11th"]
[Site "Rijeka"]
[Date "2010.03.09"]
[Round "4.27"]
[White "Hovhannisyan, Robert"]
[Black "Belov, Vladimir"]
[Result "1/2-1/2"]
[WhiteElo "2498"]
[BlackElo "2619"]
[PlyCount "62"]
[EventDate "2010.03.06"]
[EventType "swiss"]
[EventRounds "11"]
[EventCountry "CRO"]
[SourceDate "2010.03.06"]

1. e4 c6 2. d4 d5 3. exd5 cxd5 4. c4 Nf6 5. Nc3 e6 6. Nf3 Bb4 7. cxd5 Nxd5 8.
Bd2 Nc6 9. Bd3 O-O 10. O-O Nf6 11. Bg5 h6 12. Bh4 Be7 13. Re1 Nh5 14. Bxe7 Nxe7
15. Ne5 Nf6 16. Re3 Bd7 17. Rg3 Nf5 18. Bxf5 exf5 19. Qd2 Kh7 20. d5 Qb6 21.
Rf3 g6 22. Nxd7 Nxd7 23. Re1 Rfe8 24. Rfe3 Rxe3 25. Rxe3 Nf6 26. Re7 Re8 27.
Qe2 Rxe7 28. Qxe7 Kg7 29. Qe5 Qxb2 30. h4 Kh7 31. Qxf6 Qc1+ 1/2-1/2

[Event "EU-ch (Men) 11th"]
[Site "Rijeka"]
[Date "2010.03.09"]
[Round "4.28"]
[White "Nabaty, Tamir"]
[Black "Khairullin, Ildar"]
[Result "1-0"]
[WhiteElo "2485"]
[BlackElo "2617"]
[PlyCount "69"]
[EventDate "2010.03.06"]
[EventType "swiss"]
[EventRounds "11"]
[EventCountry "CRO"]
[SourceDate "2010.03.06"]

1. e4 c6 2. d4 d5 3. f3 g6 4. Nc3 Bg7 5. Be3 Qb6 6. a3 dxe4 7. fxe4 e5 8. Nf3
exd4 9. Nxd4 Bh6 10. Bf2 Qd8 11. e5 Qe7 12. Ne4 Nd7 13. Nf3 Ngf6 14. Bh4 g5 15.
Nd6+ Kf8 16. Bg3 Nb6 17. Be2 Nfd5 18. O-O Ne3 19. Qd3 Nxf1 20. Rxf1 Nd5 21. Nd4
Nf4 22. Bxf4 gxf4 23. Nxc8 Qxe5 24. Nf5 Rxc8 25. Nxh6 Re8 26. Qc4 Re6 27. Ng4
Qxe2 28. Qxf4 Re7 29. Qh6+ Ke8 30. Qg7 Kd7 31. Nf6+ Kc7 32. Qxh8 Qe3+ 33. Kh1
Qf2 34. Nd5+ Kd7 35. Qc8+ 1-0